| 000 | 00722nam a2200229Ia 4500 | ||
|---|---|---|---|
| 003 | OSt | ||
| 005 | 20220918200816.0 | ||
| 006 | a|||||r|||| 00| 0 | ||
| 007 | ta | ||
| 008 | 220917b |||||||| |||| 00| 0 eng d | ||
| 024 | _a90,345 | ||
| 037 | _cTextual | ||
| 040 |
_aARTS _cARTS _beng |
||
| 041 |
_2eng _aeng |
||
| 082 | _aU8:655:M1, A (906) | ||
| 100 |
_aBowdich T.Edward _995625 |
||
| 245 | 0 | _aMission from Cape Coast Castle to Ashantee with a statistical account of that kingdom and geographical notices of other parts of the interior of Africa | |
| 260 |
_aNA _bNA _c1800 |
||
| 650 | _aGEOGRAPHY | ||
| 942 |
_hU8:655:M1, A (906) _cTEXL _2CC |
||
| 999 |
_c214011 _d214011 |
||